[Event "Titled Tuesday intern op 14th Nov Early"]
[Site "Chess.com INT"]
[Date "2023.11.14"]
[Round "1"]
[White "Kulkarni, Rakesh"]
[Black "Saydaliev, Saidakbar"]
[Result "0-1"]
[WhiteElo "2321"]
[BlackElo "2426"]
[PlyCount "98"]
[EventDate "2023.11.14"]
[EventType "swiss (blitz)"]
[EventRounds "11"]
[EventCountry "USA"]
[SourceTitle "CBM 217 Extra"]
[Source "ChessBase"]
[SourceDate "2024.01.31"]
[SourceVersion "1"]
[SourceVersionDate "2024.01.31"]
[SourceQuality "1"]

1. e4 c5 2. c3 Nf6 3. e5 Nd5 4. d4 d6 5. Nf3 cxd4 6. cxd4 Nc6 7. Bc4 Nb6 8. Bb3 dxe5 9. d5 Na5 10. Nc3 Nxb3 11. Qxb3 e6 12. dxe6 Bxe6 13. Qb5+ Nd7 14. Nxe5 Bd6 15. Nxd7 Qxd7 16. Qxd7+ Bxd7 17. 0-0 0-0-0 18. Be3 Kb8 19. Ne4 Be5 20. Ng5 Rhf8 21. Rfe1 f6 22. Nf3 Bxb2 23. Rab1 Ba3 24. Nd4 Rfe8 25. h3 Rc8 26. Nb5 Bxb5 27. Rxb5 a6 28. Rb3 Bc1 29. Rxc1 Rxc1+ 30. Bxc1 Re1+ 31. Kh2 Rxc1 32. Rg3 g6 33. Rf3 Rc6 34. g4 b5 35. Kg3 Kc7 36. Re3 Kd6 37. Re8 Rc2 38. Rh8 Rxa2 39. Rxh7 b4 40. Rf7 b3 41. Rxf6+ Kc5 42. Rf3 b2 43. Rb3 Ra3 44. Rxa3 b1Q 45. Rxa6 Qd3+ 46. Kh4 Qxa6 47. f4 Qf6+ 48. Kg3 Kd5 49. h4 Qc3+ 0-1

[Event "Titled Tuesday intern op 23rd May Early"]
[Site "Chess.com INT"]
[Date "2023.05.23"]
[Round "3"]
[White "Kulkarni, Rakesh"]
[Black "Wagner, Dennis"]
[Result "0-1"]
[WhiteElo "2321"]
[BlackElo "2595"]
[PlyCount "54"]
[EventDate "2023.05.23"]
[EventType "swiss (blitz)"]
[EventRounds "11"]
[EventCountry "USA"]
[SourceTitle "CBM 214 Extra"]
[Source "ChessBase"]
[SourceDate "2023.07.31"]
[SourceVersion "1"]
[SourceVersionDate "2023.07.31"]
[SourceQuality "1"]

1. e4 c5 2. c3 e6 3. d4 d5 4. exd5 exd5 5. Nf3 Nc6 6. Bd3 Bd6 7. 0-0 Nge7 8. dxc5 Bxc5 9. Nbd2 0-0 10. Nb3 Bb6 11. Bf4 Bg4 12. h3 Bh5 13. Re1 Re8 14. Bxh7+ Kh8 15. Bc2 Ng6 16. Bh2 Rxe1+ 17. Qxe1 Bxf3 18. gxf3 Nh4 19. Qf1 Nxf3+ 20. Kh1 Nxh2 21. Kxh2 Qh4 22. Rd1 Bxf2 23. Qd3 Ne5 24. Qf5 Qg3+ 25. Kh1 g6 26. Qf6+ Kg8 27. Bxg6 Qxh3# 0-1

[Event "Titled Tuesday intern op 03rd Jan Late"]
[Site "Chess.com INT"]
[Date "2023.01.03"]
[Round "5"]
[White "Kulkarni, Rakesh"]
[Black "Dourerassou, Jonathan"]
[Result "0-1"]
[WhiteElo "2321"]
[BlackElo "2420"]
[PlyCount "62"]
[EventDate "2023.01.03"]
[EventType "swiss (blitz)"]
[EventRounds "11"]
[EventCountry "USA"]
[SourceTitle "EXT 2024"]
[Source "ChessBase"]
[SourceDate "2023.10.10"]
[SourceVersion "1"]
[SourceVersionDate "2023.10.10"]
[SourceQuality "1"]

1. e4 e6 2. d4 d5 3. Bd3 dxe4 4. Bxe4 Nf6 5. Bf3 c5 6. Ne2 Nc6 7. Be3 cxd4 8. Nxd4 Bd7 9. Nc3 Bb4 10. 0-0 0-0 11. Nxc6 Bxc6 12. Bxc6 bxc6 13. Qf3 Nd5 14. Ne4 f5 15. Nc5 f4 16. Nxe6 fxe3 17. Qg4 Qe7 18. Nxf8 e2 19. Ne6 exf1Q+ 20. Rxf1 Re8 21. Nd4 Qf6 22. Qd7 Rf8 23. Nxc6 Ne3 24. Nxb4 Nxf1 25. Qd5+ Kh8 26. Nd3 Nd2 27. h3 h6 28. Ne5 Qxf2+ 29. Kh1 Qe1+ 30. Kh2 Nf1+ 31. Kh1 Ne3+ 0-1

[Event "Titled Tuesday intern op 03rd Jan Late"]
[Site "Chess.com INT"]
[Date "2023.01.03"]
[Round "8"]
[White "Kulkarni, Rakesh"]
[Black "Haydon, David Leslie"]
[Result "0-1"]
[WhiteElo "2321"]
[BlackElo "2289"]
[PlyCount "56"]
[EventDate "2023.01.03"]
[EventType "swiss (blitz)"]
[EventRounds "11"]
[EventCountry "USA"]
[SourceTitle "EXT 2024"]
[Source "ChessBase"]
[SourceDate "2023.10.10"]
[SourceVersion "1"]
[SourceVersionDate "2023.10.10"]
[SourceQuality "1"]

1. e4 c6 2. c4 d5 3. cxd5 cxd5 4. exd5 Qxd5 5. Nc3 Qd8 6. Bc4 Nf6 7. Nf3 Nc6 8. h3 g6 9. d4 Bg7 10. d5 Na5 11. Be2 Bd7 12. b4 Rc8 13. bxa5 Rxc3 14. Bb2 Qxa5 15. Bxc3 Qxc3+ 16. Kf1 0-0 17. Rb1 b6 18. Kg1 Rc8 19. Kh2 Qa3 20. Rc1 Qd6+ 21. g3 Ne4 22. Rxc8+ Bxc8 23. Kg2 Nc3 24. Qc2 Bb7 25. Bc4 b5 26. Bb3 a5 27. a4 bxa4 28. Bxa4 Qxd5 0-1

[Event "Titled Tuesday intern op 22nd Nov Late"]
[Site "Chess.com INT"]
[Date "2022.11.22"]
[Round "2"]
[White "Kulkarni, Rakesh"]
[Black "Kopylov, Alexander A"]
[Result "0-1"]
[WhiteElo "2321"]
[BlackElo "2397"]
[PlyCount "126"]
[EventDate "2022.11.22"]
[EventType "swiss (blitz)"]
[EventRounds "11"]
[EventCountry "USA"]
[SourceTitle "CBM 211 Extra"]
[Source "ChessBase"]
[SourceDate "2023.01.31"]
[SourceVersion "1"]
[SourceVersionDate "2023.01.31"]
[SourceQuality "1"]

1. e4 e5 2. d4 exd4 3. Qxd4 Nc6 4. Qe3 Nf6 5. Nc3 Bb4 6. Bd2 0-0 7. 0-0-0 Re8 8. Qg3 d6 9. f3 Be6 10. h4 Kh8 11. h5 h6 12. Qf2 Bc5 13. Qe1 Ne5 14. Be2 Nc4 15. Bxc4 Bxc4 16. g4 Nh7 17. Nh3 d5 18. g5 hxg5 19. Qg3 f6 20. exd5 Be3 21. Nf2 Qd6 22. Qg2 f5 23. Kb1 b5 24. b3 b4 25. Na4 Bxd5 26. Bxe3 Rxe3 27. h6 gxh6 28. Qh3 Rf8 29. Rxd5 Qxd5 30. Qxh6 Qg8 31. Nc5 Qg7 32. Qh5 Rfe8 33. Nfd3 g4 34. Ne4 R3xe4 35. fxe4 Rg8 36. exf5 g3 37. f6 Qg6 38. f7 Qxh5 39. fxg8Q+ Kxg8 40. Rxh5 g2 41. Rd5 g1Q+ 42. Kb2 Qg7+ 43. Kb1 Qc3 44. Rc5 Qg7 45. Nxb4 Nf6 46. Nd3 Ne4 47. Rc6 Nc3+ 48. Kc1 Qg5+ 49. Kb2 Nd1+ 50. Kb1 Qg1 51. Rxc7 Ne3+ 52. Kb2 Qh2 53. Rc8+ Kf7 54. a4 Qh6 55. Rc7+ Ke8 56. Rxa7 Qc6 57. Nb4 Qf6+ 58. c3 Nd1+ 59. Ka3 Qxc3 60. Ra8+ Kd7 61. Ra7+ Kc8 62. Ra8+ Kb7 63. Rd8 Qb2# 0-1

[Event "Titled Tuesday intern op 22nd Nov Late"]
[Site "Chess.com INT"]
[Date "2022.11.22"]
[Round "3"]
[White "Vykouk, Jan"]
[Black "Kulkarni, Rakesh"]
[Result "1/2-1/2"]
[WhiteElo "2480"]
[BlackElo "2321"]
[PlyCount "33"]
[EventDate "2022.11.22"]
[EventType "swiss (blitz)"]
[EventRounds "11"]
[EventCountry "USA"]
[SourceTitle "CBM 211 Extra"]
[Source "ChessBase"]
[SourceDate "2023.01.31"]
[SourceVersion "1"]
[SourceVersionDate "2023.01.31"]
[SourceQuality "1"]

1. e4 c5 2. Nf3 e6 3. d4 cxd4 4. Nxd4 a6 5. Bd3 Nc6 6. Nxc6 dxc6 7. 0-0 e5 8. f4 Bc5+ 9. Kh1 Nf6 10. h3 h5 11. f5 Ng4 12. Qf3 Qh4 13. Nc3 Nf2+ 14. Kh2 Ng4+ 15. Kh1 Nf2+ 16. Kh2 Ng4+ 17. Kh1 1/2-1/2

[Event "Titled Tuesday intern op 03rd May Early"]
[Site "Chess.com INT"]
[Date "2022.05.03"]
[Round "1"]
[White "Kulkarni, Rakesh"]
[Black "Shimanov, Aleksandr"]
[Result "0-1"]
[WhiteElo "2321"]
[BlackElo "2581"]
[PlyCount "100"]
[EventDate "2022.05.03"]
[EventType "swiss (blitz)"]
[EventRounds "11"]
[EventCountry "USA"]
[SourceTitle "CBM 208 Extra"]
[Source "ChessBase"]
[SourceDate "2022.07.31"]
[SourceVersion "1"]
[SourceVersionDate "2022.07.31"]
[SourceQuality "1"]

1. e4 e6 2. d4 d5 3. Bd3 Nc6 4. Nf3 dxe4 5. Bxe4 Nf6 6. Bxc6+ bxc6 7. 0-0 c5 8. Be3 cxd4 9. Nxd4 Bb7 10. Qe2 Qd5 11. f3 Bd6 12. Nc3 Qh5 13. g4 Qh3 14. Ndb5 0-0 15. Nxd6 cxd6 16. Rad1 d5 17. Nb5 e5 18. Nd6 Bc6 19. Bg5 Nd7 20. Nf5 Kh8 21. Ne7 Bb7 22. Nxd5 f6 23. Bc1 f5 24. Qg2 Qxg2+ 25. Kxg2 fxg4 26. fxg4 Nb6 27. c4 Nxc4 28. Rxf8+ Rxf8 29. Kg3 Nd6 30. Ne7 Ne4+ 31. Kh4 Re8 32. Rd7 Ba8 33. Be3 h6 34. g5 hxg5+ 35. Bxg5 a5 36. Ra7 a4 37. Rxa4 Nc5 38. Ra7 Nd3 39. b3 Be4 40. Be3 Rf8 41. Kg3 Rf3+ 42. Kh4 Rxe3 43. Ra8+ Kh7 44. Ra5 Nf2 45. Nf5 Bxf5 46. h3 Rxh3+ 47. Kg5 Bg6 48. Rxe5 Rh5+ 49. Kf4 Nd3+ 50. Kg4 Rxe5 0-1

[Event "Titled Tuesday intern op 03rd May Early"]
[Site "Chess.com INT"]
[Date "2022.05.03"]
[Round "2"]
[White "Van den Dikkenberg, Erik"]
[Black "Kulkarni, Rakesh"]
[Result "1-0"]
[WhiteElo "2154"]
[BlackElo "2321"]
[PlyCount "103"]
[EventDate "2022.05.03"]
[EventType "swiss (blitz)"]
[EventRounds "11"]
[EventCountry "USA"]
[SourceTitle "CBM 208 Extra"]
[Source "ChessBase"]
[SourceDate "2022.07.31"]
[SourceVersion "1"]
[SourceVersionDate "2022.07.31"]
[SourceQuality "1"]

1. e4 d5 2. exd5 c6 3. dxc6 Nxc6 4. Nc3 e5 5. Bc4 Nf6 6. d3 Bg4 7. f3 Bh5 8. Nge2 Bc5 9. Bg5 h6 10. Bxf6 Qxf6 11. Qd2 Qh4+ 12. Ng3 0-0-0 13. 0-0-0 Bg6 14. Kb1 Nd4 15. Nge4 Bb4 16. a3 Ba5 17. b4 Bb6 18. Nd5 Kb8 19. Nxb6 axb6 20. Qe1 Qe7 21. Nc3 Rc8 22. Ne4 b5 23. Bb3 f5 24. Nc5 b6 25. Ne6 Nxb3 26. Qxe5+ Ka7 27. cxb3 Rhe8 28. Rhe1 Bf7 29. Qxb5 Bxe6 30. d4 Qd7 31. Qxd7+ Bxd7 32. Rxe8 Rxe8 33. Rd2 Re3 34. Kb2 Kb7 35. Rc2 Be6 36. Rc3 Re2+ 37. Rc2 Re1 38. Rc1 Rxc1 39. Kxc1 Bxb3 40. Kd2 Kc6 41. Kc3 Bd5 42. a4 g5 43. b5+ Kd6 44. Kb4 h5 45. a5 Kc7 46. a6 Kd6 47. h3 Ba8 48. Kc4 Bd5+ 49. Kd3 Bb3 50. Kc3 Ba4 51. Kb4 Bd1 52. a7 1-0

[Event "Titled Tuesday intern op 22 Mar Early"]
[Site "Chess.com INT"]
[Date "2022.03.22"]
[Round "5"]
[White "Kulkarni, Rakesh"]
[Black "Milchev, Nikolay"]
[Result "1-0"]
[WhiteElo "2321"]
[BlackElo "2408"]
[PlyCount "67"]
[EventDate "2022.03.22"]
[EventType "swiss (blitz)"]
[EventRounds "11"]
[EventCountry "USA"]
[SourceTitle "CBM 207 Extra"]
[Source "ChessBase"]
[SourceDate "2022.05.31"]
[SourceVersion "1"]
[SourceVersionDate "2022.05.31"]
[SourceQuality "1"]

1. e4 c5 2. c3 d5 3. exd5 Qxd5 4. d4 Nf6 5. Nf3 Nc6 6. Be3 Bg4 7. dxc5 Qxd1+ 8. Kxd1 0-0-0+ 9. Kc1 Bxf3 10. gxf3 Nd5 11. b4 e5 12. Kc2 a5 13. a3 Be7 14. Bb5 f5 15. Rg1 Bf6 16. Bg5 Bxg5 17. Rxg5 g6 18. Nd2 Kc7 19. Nc4 Rhe8 20. Bxc6 bxc6 21. Nxa5 e4 22. fxe4 Rxe4 23. Rd1 Re2+ 24. Kb3 Rxf2 25. Rd3 Rxh2 26. c4 Ne7 27. Rxd8 Kxd8 28. b5 f4 29. b6 f3 30. Re5 f2 31. b7 Rh3+ 32. Kb4 f1Q 33. b8Q+ Kd7 34. Qb7+ 1-0

[Event "Titled Tuesday intern op 22 Mar Early"]
[Site "Chess.com INT"]
[Date "2022.03.22"]
[Round "4"]
[White "Kulkarni, Rakesh"]
[Black "Yeletsky, Ivan"]
[Result "0-1"]
[WhiteElo "2321"]
[BlackElo "2460"]
[PlyCount "58"]
[EventDate "2022.03.22"]
[EventType "swiss (blitz)"]
[EventRounds "11"]
[EventCountry "USA"]
[SourceTitle "CBM 207 Extra"]
[Source "ChessBase"]
[SourceDate "2022.05.31"]
[SourceVersion "1"]
[SourceVersionDate "2022.05.31"]
[SourceQuality "1"]

1. e4 e5 2. d4 exd4 3. Qxd4 Nc6 4. Qe3 Nf6 5. Nc3 Bb4 6. Bd2 0-0 7. 0-0-0 Re8 8. Qg3 Rxe4 9. a3 Bd6 10. f4 Bc5 11. Bd3 d5 12. Nxe4 dxe4 13. Bc4 Qe7 14. Bc3 Ng4 15. Nh3 Be6 16. Bxe6 Qxe6 17. Rhe1 h6 18. f5 Qxf5 19. Rf1 Qe6 20. Nf4 Qa2 21. b4 Be3+ 22. Rd2 Qxa3+ 23. Bb2 Bxd2+ 24. Kxd2 Qxb2 25. Qxg4 Rd8+ 26. Ke1 e3 27. Nh5 Qc3+ 28. Ke2 Rd2+ 29. Kf3 Ne5+ 0-1

[Event "Titled Tuesday intern op 15 Mar Early"]
[Site "Chess.com INT"]
[Date "2022.03.15"]
[Round "4"]
[White "Kulkarni, Rakesh"]
[Black "Matinian, Nikita"]
[Result "0-1"]
[WhiteElo "2321"]
[BlackElo "2460"]
[PlyCount "78"]
[EventDate "2022.03.15"]
[EventType "swiss (blitz)"]
[EventRounds "11"]
[EventCountry "USA"]
[SourceTitle "CBM 207 Extra"]
[Source "ChessBase"]
[SourceDate "2022.05.31"]
[SourceVersion "1"]
[SourceVersionDate "2022.05.31"]
[SourceQuality "1"]

1. e4 d6 2. d4 Nf6 3. Nc3 g6 4. Be3 a6 5. f3 b5 6. Qd2 Nbd7 7. g4 c5 8. Nge2 b4 9. Nd1 Bb7 10. Nf2 Rc8 11. g5 Nh5 12. Ng3 Nxg3 13. hxg3 Bg7 14. c3 bxc3 15. bxc3 Qa5 16. Rb1 Ba8 17. Bh3 e6 18. Rd1 Ke7 19. 0-0 cxd4 20. cxd4 Qxd2 21. Rxd2 Rc3 22. Ng4 Rb8 23. Kf2 Nb6 24. Rb1 Nd7 25. Rxb8 Nxb8 26. Rb2 Nd7 27. Bf1 a5 28. Bb5 Nb6 29. Nf6 Bxf6 30. gxf6+ Kxf6 31. d5 Rxe3 32. Kxe3 exd5 33. Ba6 Nd7 34. Bc8 Ne5 35. Rb8 Bc6 36. exd5 Bxd5 37. a4 Bxf3 38. Rb5 Bc6 39. Rb6 Nc4+ 0-1

[Event "Leon Blitz op 34th"]
[Site "Chess.com INT"]
[Date "2021.07.07"]
[Round "6"]
[White "Arias, Juan Cruz"]
[Black "Kulkarni, Rakesh"]
[Result "0-1"]
[WhiteElo "2277"]
[BlackElo "2321"]
[PlyCount "96"]
[EventDate "2021.07.07"]
[EventType "swiss (blitz)"]
[EventRounds "14"]
[EventCountry "ESP"]
[SourceTitle "CBM 203 Extra"]
[Source "ChessBase"]
[SourceDate "2021.09.30"]
[SourceVersion "1"]
[SourceVersionDate "2021.09.30"]
[SourceQuality "1"]

1. e4 c5 2. Nc3 a6 3. a4 g6 4. g3 Bg7 5. Bg2 Nc6 6. d3 e6 7. Be3 d6 8. Qd2 Nge7 9. h4 b6 10. h5 d5 11. h6 Bf6 12. Bg5 Bxg5 13. Qxg5 Nd4 14. Rc1 Bb7 15. Nge2 Nxe2 16. Nxe2 dxe4 17. dxe4 Nc6 18. Qe3 Nd4 19. 0-0 0-0 20. c3 Nxe2+ 21. Qxe2 e5 22. f4 exf4 23. gxf4 Qh4 24. Rcd1 Rad8 25. e5 Bxg2 26. Qxg2 Rxd1 27. Rxd1 Qxf4 28. Qd5 Qe3+ 29. Kg2 Qg5+ 30. Kf1 Qxh6 31. Rd2 Re8 32. Rf2 Qc1+ 33. Kg2 Qg5+ 34. Kf1 Re7 35. Re2 Kg7 36. Qd6 h5 37. Qxb6 Rxe5 38. Qxa6 Qc1+ 39. Kg2 Rg5+ 40. Kf3 Qf1+ 41. Ke3 Re5+ 42. Kd2 Rd5+ 43. Ke3 Qg1+ 44. Ke4 Qg5 45. Rf2 Qe5+ 46. Kf3 h4 47. Qe2 Qg3+ 48. Ke4 Re5# 0-1

[Event "Titled Tuesday intern op 06th July"]
[Site "Chess.com INT"]
[Date "2021.07.06"]
[Round "2"]
[White "Quirke, Jeffrey"]
[Black "Kulkarni, Rakesh"]
[Result "1-0"]
[WhiteElo "2120"]
[BlackElo "2321"]
[PlyCount "57"]
[EventDate "2021.07.06"]
[EventType "swiss (blitz)"]
[EventRounds "11"]
[EventCountry "USA"]
[SourceTitle "EXT 2022"]
[Source "ChessBase"]
[SourceDate "2021.10.06"]
[SourceVersion "1"]
[SourceVersionDate "2021.10.06"]
[SourceQuality "1"]

1. d4 Nf6 2. c4 e5 3. dxe5 Ng4 4. e3 Nxe5 5. Nh3 Bb4+ 6. Bd2 Bxd2+ 7. Qxd2 0-0 8. Nc3 Nbc6 9. Be2 Re8 10. 0-0 d6 11. Nf4 Bf5 12. Rad1 Qd7 13. f3 h6 14. b3 Rad8 15. e4 Bh7 16. Nfd5 Ne7 17. f4 Nxd5 18. Nxd5 Nc6 19. Bd3 Bxe4 20. Bxe4 Rxe4 21. f5 f6 22. Rf4 Rde8 23. Rxe4 Rxe4 24. Rf1 Kh7 25. Qd3 Re5 26. Qg3 Rxf5 27. Qd3 g6 28. Rxf5 gxf5 29. Nxf6+ 1-0

[Event "Titled Tuesday intern op 06th Apr"]
[Site "Chess.com INT"]
[Date "2021.04.06"]
[Round "5"]
[White "Kulkarni, Rakesh"]
[Black "Mirzoev, Azer"]
[Result "0-1"]
[WhiteElo "2321"]
[BlackElo "2430"]
[PlyCount "102"]
[EventDate "2021.04.06"]
[EventType "swiss (blitz)"]
[EventRounds "11"]
[EventCountry "USA"]
[SourceTitle "CBM 201 Extra"]
[Source "ChessBase"]
[SourceDate "2021.05.31"]
[SourceVersion "1"]
[SourceVersionDate "2021.05.31"]
[SourceQuality "1"]

1. e4 e5 2. Nf3 Nc6 3. d4 exd4 4. Nxd4 Bb4+ 5. Nc3 Nge7 6. Bc4 0-0 7. 0-0 d6 8. Bg5 h6 9. Bh4 Bxc3 10. Nxc6 bxc6 11. bxc3 Be6 12. Bxe6 fxe6 13. e5 d5 14. c4 Qd7 15. cxd5 cxd5 16. Rb1 Nf5 17. Bg3 Qc6 18. Qg4 Kh7 19. c4 dxc4 20. Rbc1 c3 21. Qb4 Rab8 22. Qxc3 Qxc3 23. Rxc3 Rf7 24. Rfc1 Rb2 25. Kf1 Rxa2 26. Bf4 g5 27. g4 gxf4 28. gxf5 Rxf5 29. Rxc7+ Kg6 30. R7c5 f3 31. h4 a5 32. Kg1 Rf4 33. Kh2 Rg4 34. R1c2 Rxc2 35. Rxc2 Rxh4+ 36. Kg3 Rb4 37. Kxf3 Kf5 38. Rc5 a4 39. Ra5 h5 40. Kg3 h4+ 41. Kh3 Rf4 42. f3 Rxf3+ 43. Kxh4 a3 44. Ra8 Kxe5 45. Ra5+ Kd6 46. Ra4 Kc5 47. Kg4 Rc3 48. Kf4 Rc4+ 49. Rxc4+ Kxc4 50. Ke3 a2 51. Kd2 a1Q 0-1

[Event "Titled Tuesday intern op 23rd Mar"]
[Site "Chess.com INT"]
[Date "2021.03.23"]
[Round "1"]
[White "Firouzja, Alireza"]
[Black "Kulkarni, Rakesh"]
[Result "1-0"]
[WhiteElo "2759"]
[BlackElo "2321"]
[PlyCount "50"]
[EventDate "2021.03.23"]
[EventType "swiss (blitz)"]
[EventRounds "11"]
[EventCountry "USA"]
[SourceTitle "CBM 201 Extra"]
[Source "ChessBase"]
[SourceDate "2021.05.31"]
[SourceVersion "1"]
[SourceVersionDate "2021.05.31"]
[SourceQuality "1"]

1. d4 Nf6 2. Nf3 e6 3. c4 c5 4. d5 b5 5. e4 Nxe4 6. Bd3 Nd6 7. dxe6 dxe6 8. cxb5 Bb7 9. Nc3 Be7 10. 0-0 0-0 11. Qe2 Nd7 12. Rd1 Rc8 13. Bf4 Qb6 14. a4 c4 15. Bc2 Nf6 16. a5 Qc5 17. Be3 Qb4 18. Ra4 Bxf3 19. gxf3 Qxa4 20. Bxa4 Nf5 21. Bxa7 Bb4 22. b6 Bxc3 23. bxc3 Nd5 24. Rxd5 exd5 25. b7 Rce8 1-0

[Event "Titled Tuesday intern op 16th Mar"]
[Site "Chess.com INT"]
[Date "2021.03.16"]
[Round "1"]
[White "Kulkarni, Rakesh"]
[Black "Davalos Prieto, Abel"]
[Result "0-1"]
[WhiteElo "2321"]
[BlackElo "2135"]
[PlyCount "94"]
[EventDate "2021.03.16"]
[EventType "swiss (blitz)"]
[EventRounds "11"]
[EventCountry "USA"]
[SourceTitle "CBM 201 Extra"]
[Source "ChessBase"]
[SourceDate "2021.05.31"]
[SourceVersion "1"]
[SourceVersionDate "2021.05.31"]
[SourceQuality "1"]

1. e4 Nf6 2. e5 Nd5 3. c4 Nb6 4. d4 d6 5. exd6 exd6 6. Nc3 Be7 7. Nf3 0-0 8. Bd3 Nc6 9. h3 Bf6 10. Be3 Re8 11. 0-0 g6 12. Qd2 Nb4 13. Be2 Bf5 14. Rad1 Nc2 15. Bh6 d5 16. c5 Nc4 17. Bxc4 dxc4 18. d5 Bd3 19. Rfe1 Nxe1 20. Rxe1 Rxe1+ 21. Nxe1 Qe7 22. Nxd3 cxd3 23. Qxd3 Qxc5 24. Ne4 Qe7 25. Qf3 Bg7 26. Bg5 f6 27. Nxf6+ Bxf6 28. Bxf6 Qf7 29. g4 h6 30. h4 Kh7 31. g5 h5 32. Qe4 Re8 33. Qd3 Qd7 34. f3 Qh3 35. Qc3 Qg3+ 36. Kf1 Qh3+ 37. Kf2 Qh2+ 38. Kf1 Qh1+ 39. Kf2 Qh2+ 40. Kf1 Re2 41. Qxc7+ Qxc7 42. Kxe2 Qc4+ 43. Ke3 Qxd5 44. b3 Kg8 45. Kf4 Kf7 46. Be5 Ke6 47. Bf6 Qf5+ 0-1

[Event "Titled Tuesday intern op 09th Mar"]
[Site "Chess.com INT"]
[Date "2021.03.09"]
[Round "8"]
[White "Indjic, Aleksandar"]
[Black "Kulkarni, Rakesh"]
[Result "1-0"]
[WhiteElo "2607"]
[BlackElo "2321"]
[PlyCount "77"]
[EventDate "2021.03.09"]
[EventType "swiss (blitz)"]
[EventRounds "11"]
[EventCountry "USA"]
[SourceTitle "CBM 201 Extra"]
[Source "ChessBase"]
[SourceDate "2021.05.31"]
[SourceVersion "1"]
[SourceVersionDate "2021.05.31"]
[SourceQuality "1"]

1. d4 Nf6 2. c4 e5 3. dxe5 Ng4 4. e4 Nxe5 5. f4 Nec6 6. Be3 Bb4+ 7. Nd2 0-0 8. a3 Bxd2+ 9. Qxd2 Re8 10. Bd3 d6 11. Ne2 Nd7 12. Nc3 Nc5 13. Bc2 Bg4 14. h3 Qh4+ 15. Bf2 Qh5 16. 0-0 Bxh3 17. gxh3 Qxh3 18. Qe3 Qh5 19. Kg2 Re6 20. f5 Rh6 21. Rh1 Qg4+ 22. Qg3 Qxg3+ 23. Kxg3 Rxh1 24. Rxh1 a5 25. Nd5 Re8 26. Kf4 Ne5 27. Bxc5 dxc5 28. Nxc7 g5+ 29. Kxg5 Rd8 30. Nd5 Nxc4 31. f6 Ne5 32. Kf5 Nf3 33. Bd1 Nd4+ 34. Kf4 Ne6+ 35. Ke5 Nd4 36. Ne7+ Kh8 37. Bh5 Rf8 38. Rg1 h6 39. Rg7 1-0